| 000 | 00753nam a22002057a 4500 | ||
|---|---|---|---|
| 003 | OSt | ||
| 005 | 20250717040727.0 | ||
| 008 | 250717b |||||||| |||| 00| 0 eng d | ||
| 020 | _a978-621-416-132-4 | ||
| 040 |
_aDWC-Main Lib _cOC |
||
| 082 | _aFil. 657.45 C117p 2023 | ||
| 100 | _aCabrera, Ma. Elenita B. | ||
| 245 |
_aPrinciples of auditing and assurance services : _bbased on ISAs, PSAs, Framework, PSQM, PAPSs, PSREs, PSAEs, PSRSs/ _cMa. Elenita B. Cabrera |
||
| 250 | _a2023 edition | ||
| 260 |
_aSampaloc Manila , Philippines : _bGIC Enterprises, _cc2023. |
||
| 300 |
_axviii, 822 pages : _billustrations ; _c23cm. |
||
| 504 | _aIncludes bibliographical references. | ||
| 650 | _a1. Auditing. | ||
| 942 |
_2ddc _cBK - FIL _e2023 edition _kFil. _n0 |
||
| 999 |
_c3738 _d3738 |
||